000 00551nam a22001937a 4500
999 _c14755
_d14755
003 OSt
005 20191204142548.0
008 191204b ||||| |||| 00| 0 eng d
040 _cLIC
082 _22017
_aDC 320.319
_bC737
245 _aComparative politics/
_cEdited by Sudha Menon
260 _aNew York, NY :
_bDelve Publishing ,
_c©2017.
300 _axxii, 269 pages ;
_c24 cm
365 _b6,375.00
_cPhp
500 _aIncludes index.
650 _aComparative government
_940751
700 _aMenon, Sudha
_eeditor
_940752
942 _2ddc
_cDC